Un cambio dramático y una tragedia cultural /

Guardado en:
Bibliografiske detaljer
Hovedforfatter: López Vigil, María
Format: Texto
Tags: Tilføj Tag
Ingen Tags, Vær først til at tagge denne postø!

MARC

LEADER 00000 a a2200000 04500
001 45521
003
040
100 |a López Vigil, María  
245 |a Un cambio dramático y una tragedia cultural /  |c María López Vigil  
773 |g volumen25, número296 ( , 2006), páginas 27-31  
999 |c 28398  |d 28398